000 01137nam a22003137a 4500
003 CHAP
005 20220817043600.0
008 991214d1996 sy a r 00010 eng d
010 _a79065
011 _a80037
035 _a90478
040 _cCHAP
090 _aFolleto 15450
110 0 _aInternational Center for Agricultural Research in the Dry Areas
245 1 4 _aThe origin of our daily bread
_c/by International Center for Agricultural Research in the Dry Areas
260 _aAleppo, Syria :
_bInternational Center for Agricultural Research in the Dry Areas,
_c1996.
300 _aHoja desplegable :
_bilus. ; mapa
590 _aBATCH-UPD
_b10
_c20130110
_lUCH01
_h2023
590 _aBATCH-UPD
_b10
_c20130410
_lUCH01
_h1341
590 _aBATCH-UPD
_b10
_c20130914
_lUCH01
_h1542
590 _aCONVERSION
_b10
_c20130109
_lUCH01
_h1344
650 1 4 _aGermoplasma.
_947766
650 1 4 _aRecursos genéticos
_xConservación.
_995081
901 _aBK
905 _aAlejandra Carrasco M.
942 _cFOLL
949 _aFolleto 15450
_bBC
_cFOLL
_d904781
_eTS1
_i90478
_sb
949 _aFolleto 15450
_bBC
_cFOLL
_d904782
_eTS2
_fc.2
_i90478
_sb
999 _c79065
_d79065